Kiovaa lähinnä olevat maailman pääkaupungit - Statistics

Yleistilastot
  • Tätä visaa on pelattu 51 kertaa
  • Keskiarvotulos 14 / 20
Vastaustilastot
km pääkaupunki % Oikein
758 Moskova
97%
591 Vilna
97%
837 Riika
93%
746 Bukarest
90%
691 Varsova
90%
898 Budapest
86%
436 Minsk
86%
1066 Tallinna
86%
1137 Helsinki
79%
1144 Praha
76%
1023 Sofia
76%
1007 Bratislava
72%
980 Belgrad
59%
1055 Wien
55%
1186 Ankara
52%
1194 Zagreb
52%
1172 Sarajevo
45%
1124 Pristina
31%
1168 Skopje
28%
400 Kisinov
14%
Ehtoja vastaavia visoja ei löytynyt
Tulosjakauma
Jokaisen tuloksen saaneiden osuus
Persentiili vastausten määrän mukaan
Tuloshistoriasi
Et ole pelannut tätä visaa